000 00892nac a22002537a 4500
001 BR7400269
003 BR-BrBNA
005 20240105113740.0
008 230509b bl.|||m| |||| 00| 0 por d
040 _aBR-BrBNA
_bpor
_cBiblioteca Nacional de Agricultura
072 _aF40
090 _a2120 BR7400269
100 1 _aSetzer, J.
110 1 _aSecretaria da Agricultura do Estado de Sao Paulo, Sao Paulo (Brasil). Diretoria de Publicidade Agricola
245 1 _aSobre a ecologia do cafe
260 3 _aSao Paulo, SP (Brasil):
_c1949.
300 _a20 p.
490 _aPublicacao - Secretaria da Agricultura do Estado de Sao Paulo. Diretoria de Publicidade Agricola (Brazil)
_vno. 749
_x
500 _aReprint of "Boletim de Agricultura" Single no. 1945
650 _aCAFE
650 _aECOLOGIA VEGETAL
909 _a202312
_bLúcia Elande
_c55
_dLúcia Elande
942 _2AGRIS
_n0
_cMS
999 _c265335
_d265335